La moral, hoy. Conferencias Santo Tomás de Aquino. Noviembre 13 de 2002.

Guardat en:
Dades bibliogràfiques
Autor corporatiu: Academia de Derecho Universidad Santo Tomás (autor)
Format: Llibre
Idioma:espanyol
Publicat: Santiago, Chile: Academia de Derecho, Santo Tomás de Aquino; Universidad Santo Tomás, 2002.
Matèries:
Etiquetes: Afegir etiqueta
Sense etiquetes, Sigues el primer a etiquetar aquest registre!

MARC

LEADER 00000cam a2200000 a 4500
001 UCC6393
003 CL-VaPUC
005 20220822114417.0
008 181207e20020000cl 1 spa d
999 |c 384945  |d 384943 
020 |a 956-7946-00-0 
040 |c Pontificia Universidad Católica de Valparaíso 
082 0 4 |a 189.4 ACA 2002  |2 21 
110 2 |a Academia de Derecho Universidad Santo Tomás  |e autor  |9 622354 
245 1 3 |a La moral, hoy.  |b Conferencias Santo Tomás de Aquino. Noviembre 13 de 2002. 
260 |a Santiago, Chile:   |b Academia de Derecho,   |b Santo Tomás de Aquino;  |b Universidad Santo Tomás,  |c 2002. 
300 |a 137 páginas.  
500 |a c.2 Donación Familia Prof. Alejandro Guzmán Brito. 
536 |a Colegio de Abogados de Chile A.G. 
583 |a last modification  |c 20190909 09:37:51  |k Rodrigo Vera 
650 0 0 |a Filosofía escolástica   |2 CL-VaPUC  |9 861260 
650 0 0 |a Moral  |9 265913 
942 |c BK  |2 ddc  |n 0 
945 |a dcastane  |d 20181207 13:37:00 
952 |0 0  |1 0  |3 erb  |4 0  |6 189_400000000000000_ACA_2002  |7 0  |8 A  |9 507958  |a BIBTEO  |b BIBTEO  |e Precht Pizarro, Jorge Enrique  |i 5519977  |o 189.4 ACA 2002  |p 5519977  |r 2025-01-17  |w 2020-01-23  |y BK  |z Catalogado en:20181207  |k ICR 
952 |0 0  |1 0  |2 ddc  |4 0  |6 189_400000000000000_ACA_2002  |7 1  |8 C_AGB  |9 581043  |a BIBDER  |b BIBDER  |d 2022-02-02  |e Donación   |i 5643899  |o 189.4 ACA 2002  |p 5643899  |r 2023-01-25  |t 2  |w 2022-02-02  |y BK_US  |k AGB